000 00979nam a22002777a 4500
003 OSt
005 20230301100828.0
008 220916b |||||||| |||| 00| 0 eng d
020 _a1409 3693
040 _cBiblioteca Lado V
082 _a808
_bP397m
100 _9270
_aPeña, Alfonso
_eeditor
245 _aMateria/
260 _aSan Jose, Costa Rica
_bAndromeda
_c2001
300 _c17x22cm
_a85p.
_bSe adjunta una serigrafia
490 _a2
_v4
650 _2Tesauro de Arte & Arquitectura
_aPOESIA
650 _2Tesauro de Arte & Arquitectura
_aLITERATURA COSTARRICENSE
650 _2Tesauro de Arte & Arquitectura
_aensayo
650 _2Tesauro de Arte & Arquitectura
_aARTE
650 _2Tesauro de Arte & Arquitectura
_aPUBLICACION SERIADA
650 _2Tesauro de Arte & Arquitectura
_aSERIGRAFIA
650 _2Tesauro de Arte & Arquitectura
_aJUAN BERNAL PONCE
700 _aFernandez, Guillermo
_eeditor
942 _2ddc
_c1
_h808
_iP397m
_n0
999 _c3087
_d3087